000 00562nam a2200205Ia 4500
003 GCL
008 140319s9999 xx 000 0 eng d
040 _aGCL /
_cGCL
082 0 4 _aCC
_b306.85
_bT P
100 1 _aTEKCE, BELGIN
245 1 0 _aA PLACE TO LIVE, FAMILIES AND CHILD HEALTH IN CAIRO NEIGHBOURHOOD /
_cTEKCE, BELGIN
700 1 _aOLDHAM, LINDA
700 1 _aSHORTER, FREDERIC
260 _a[S.N] :
_bTHE AMERICAN UNIVERSITY IN CAIRO PRESS
300 _a201
650 0 4 _aEGYPT
650 0 4 _aCAIRO
650 0 4 _aGENERAL HEALTH
942 _2ddc
_cBK
999 _c16515
_d16515